El escorpión

Guardado en:
Detalles Bibliográficos
Autor principal: García-Viñó, Manuel (Autor)
Formato: Libro
Lenguaje:español
Publicado: Madrid Guadarrama 1969
Colección:Punto Omega, 70
Materias:
Etiquetas: Agregar Etiqueta
Sin Etiquetas, Sea el primero en etiquetar este registro!

MARC

LEADER 00000nam a2200000 a 4500
001 UCQ5681
003 CL-VaPUC
008 981002e19690000SP |||||||||||||||||spa|d
082 0 4 |a 863  |b GAR  |2 21 
100 |a García-Viñó, Manuel  |e author  |9 573218 
245 1 3 |a El escorpión 
300 |a 217 p 
942 |c BK 
945 |d 19981002 00:00:00  |a crobeson 
260 |a Madrid  |b Guadarrama  |c 1969 
650 0 |a Novelas españolas  |9 265052 
650 0 |a Literatura española  |9 306261 
583 |a last modification  |c 19981002 00:00:00  |k Rodrigo Vera 
490 0 |a Punto Omega, 70 
999 |c 275886  |d 275884 
952 |0 0  |1 0  |4 0  |6 863_000000000000000_GAR_1969  |7 0  |8 A  |9 312745  |a BIBEDU  |b BIBEDU  |d 2019-11-20  |i 1475908  |o 863 GAR 1969  |p 1475908  |r 2019-11-20  |w 2019-11-20  |y BK  |k LIT